Stochastičeskije differenciaľnyje sistemy

Uložené v:
Podrobná bibliografia
Hlavní autori: Pugačev, Vladimir Semionovič (Autor), Sinicyn, Igor N. (Autor)
Médium: Kniha
Jazyk:Russian
Vydavateľské údaje: Moskva : Nauka, 1985
Vydanie:1.vyd.
Tagy: Pridať tag
Žiadne tagy, Buďte prvý, kto otaguje tento záznam!

MARC

LEADER 00000nam a22000003a 4500
001 stu87366
005 20150617225625.9
008 040603s1985----xxr-----------------rus-d
040 |a STU  |b slo 
041 0 |a rus 
044 |a xxr 
080 |a 517.93 
080 |a 519.219 
100 1 |a Pugačev, Vladimir Semionovič  |4 aut 
245 1 |a Stochastičeskije differenciaľnyje sistemy 
250 |a 1.vyd. 
260 |a Moskva :  |b Nauka,  |c 1985 
300 |a 559 s 
700 1 |a Sinicyn, Igor N.  |4 aut 
996 |b E58355  |c E*58355  |l EE03  |s P  |a 0  |w stu87366_0001